Pères de fiction en images - Statistiques

Statistiques générales
  • Ce quiz a été pris 185 fois
  • Le résultat moyen est 7 sur 20
Statistiques - réponses
Par images Réponse % Correct
Dark Vador
96%
Goku
81%
Lucius Malefoy
70%
Walter White
61%
Marin
53%
Kratos
47%
Eddard "Ned" Stark
42%
Peter Griffin
42%
M. Indestructible
39%
Charles Ingalls
36%
Endeavor
27%
Howard Wolowitz
25%
Dad
24%
Victor MacBernik
22%
Jack Torrance
19%
Randy Marsh
18%
Adrien Dubouchon
15%
Bryan Mills
6%
Sho Tucker
5%
Guido Orefice
2%
Aucun quiz correspondant
Distribution des résultats
% des personnes avec chaque résultat
Percentile par nombre de réponses
Votre historique - résultats
Vous n’avez pas pris ce quiz